[Event "World Youth & Cadets Blitz Championships"]
[Site "Rhodes, Greece"]
[Date "2022.05.03"]
[Round "4.12"]
[White "Lavrencic, Matic"]
[Black "Badacsonyi, Stanley"]
[Result "1-0"]
[TimeControl "5'/game & 2\"/move"]
[WhiteElo "2037"]
[BlackElo "1948"]

1. e4 {[%clk 00:05:02]} {[%emt 00:00:02]} e5 {[%clk 00:05:03]} {[%emt
00:00:01]} 2. Nf3 {[%clk 00:05:02]} {[%emt 00:00:02]} Nc6 {[%clk 00:05:05]}
{[%emt 00:00:01]} 3. Bb5 {[%clk 00:05:03]} a6 {[%clk 00:05:06]} {[%emt
00:00:01]} 4. Ba4 {[%clk 00:05:04]} d6 {[%clk 00:05:07]} {[%emt 00:00:01]} 5.
O-O {[%clk 00:05:01]} {[%emt 00:00:06]} Bd7 {[%clk 00:05:08]} {[%emt 00:00:01]}
6. c3 {[%clk 00:05:00]} {[%emt 00:00:03]} Nge7 {[%clk 00:05:09]} 7. d4 {[%clk
00:05:01]} {[%emt 00:00:01]} g6 {[%clk 00:05:09]} {[%emt 00:00:01]} 8. h3
{[%clk 00:04:59]} {[%emt 00:00:04]} Bg7 {[%clk 00:05:10]} {[%emt 00:00:02]} 9.
Re1 {[%clk 00:04:57]} {[%emt 00:00:03]} O-O {[%clk 00:05:09]} {[%emt 00:00:03]}
10. dxe5 {[%clk 00:04:58]} {[%emt 00:00:01]} Nxe5 {[%clk 00:05:10]} {[%emt
00:00:02]} 11. Nxe5 {[%clk 00:04:50]} {[%emt 00:00:10]} Bxe5 {[%clk 00:05:11]}
{[%emt 00:00:02]} 12. Bb3 {[%clk 00:04:44]} {[%emt 00:00:07]} Be6 {[%clk
00:05:09]} {[%emt 00:00:03]} 13. Nd2 {[%clk 00:04:44]} {[%emt 00:00:02]} Qd7
{[%clk 00:05:07]} {[%emt 00:00:04]} 14. Nf3 {[%clk 00:04:35]} {[%emt 00:00:11]}
Bg7 {[%clk 00:05:07]} {[%emt 00:00:02]} 15. Bf4 {[%clk 00:04:12]} {[%emt
00:00:26]} Kh8 {[%clk 00:04:59]} {[%emt 00:00:10]} 16. Ng5 {[%clk 00:03:48]}
{[%emt 00:00:25]} h6 {[%clk 00:04:56]} {[%emt 00:00:04]} 17. Nxe6 {[%clk
00:03:47]} {[%emt 00:00:05]} fxe6 {[%clk 00:04:57]} {[%emt 00:00:01]} 18. Qd2
{[%clk 00:03:44]} {[%emt 00:00:05]} Kh7 {[%clk 00:04:56]} {[%emt 00:00:03]} 19.
Rad1 {[%clk 00:03:39]} {[%emt 00:00:06]} e5 {[%clk 00:04:55]} {[%emt 00:00:03]}
20. Be3 {[%clk 00:03:38]} {[%emt 00:00:04]} g5 {[%clk 00:04:53]} {[%emt
00:00:04]} 21. Qe2 {[%clk 00:03:29]} {[%emt 00:00:11]} Ng6 {[%clk 00:04:53]}
{[%emt 00:00:02]} 22. Qg4 {[%clk 00:03:22]} {[%emt 00:00:09]} Qe7 {[%clk
00:04:40]} {[%emt 00:00:15]} 23. g3 {[%clk 00:03:19]} {[%emt 00:00:04]} Rf6
{[%clk 00:04:35]} {[%emt 00:00:07]} 24. Kg2 {[%clk 00:03:04]} {[%emt 00:00:18]}
Raf8 {[%clk 00:04:30]} {[%emt 00:00:07]} 25. Rd2 {[%clk 00:02:41]} {[%emt
00:00:25]} Nf4+ {[%clk 00:04:16]} {[%emt 00:00:16]} 26. Kh2 {[%clk 00:02:28]}
{[%emt 00:00:14]} Ng6 {[%clk 00:03:54]} {[%emt 00:00:25]} 27. Bd5 {[%clk
00:02:12]} {[%emt 00:00:18]} b5 {[%clk 00:03:48]} {[%emt 00:00:08]} 28. Bc6
{[%clk 00:01:51]} {[%emt 00:00:23]} Qf7 {[%clk 00:03:40]} {[%emt 00:00:10]} 29.
Qd7 {[%clk 00:01:23]} {[%emt 00:00:30]} Qxa2 {[%clk 00:03:31]} {[%emt
00:00:11]} 30. Qxc7 {[%clk 00:01:15]} {[%emt 00:00:10]} Qc4 {[%clk 00:03:19]}
{[%emt 00:00:13]} 31. Qb7 {[%clk 00:00:54]} {[%emt 00:00:24]} R8f7 {[%clk
00:02:59]} {[%emt 00:00:23]} 32. Qxa6 {[%clk 00:00:51]} {[%emt 00:00:04]} g4
{[%clk 00:02:35]} {[%emt 00:00:26]} 33. Qxb5 {[%clk 00:00:41]} {[%emt
00:00:11]} Qe6 {[%clk 00:02:28]} {[%emt 00:00:10]} 34. Bd5 {[%clk 00:00:41]}
{[%emt 00:00:02]} Qd7 {[%clk 00:02:28]} {[%emt 00:00:02]} 35. Qxd7 {[%clk
00:00:39]} {[%emt 00:00:04]} Rxd7 {[%clk 00:02:29]} {[%emt 00:00:01]} 36. hxg4
{[%clk 00:00:40]} {[%emt 00:00:01]} Ne7 {[%clk 00:02:27]} {[%emt 00:00:04]} 37.
Red1 {[%clk 00:00:34]} {[%emt 00:00:07]} Rg6 {[%clk 00:02:17]} {[%emt
00:00:13]} 38. b4 {[%clk 00:00:32]} {[%emt 00:00:04]} Bf8 {[%clk 00:02:15]}
{[%emt 00:00:03]} 39. b5 {[%clk 00:00:33]} {[%emt 00:00:02]} Nxd5 {[%clk
00:02:16]} {[%emt 00:00:01]} 40. Rxd5 {[%clk 00:00:34]} {[%emt 00:00:02]} Rxg4
{[%clk 00:02:17]} 41. b6 {[%clk 00:00:34]} {[%emt 00:00:02]} Rxe4 {[%clk
00:02:17]} {[%emt 00:00:01]} 42. Rb5 {[%clk 00:00:30]} {[%emt 00:00:06]} Rb7
{[%clk 00:02:18]} {[%emt 00:00:01]} 43. Ra1 {[%clk 00:00:29]} {[%emt 00:00:03]}
Rg4 {[%clk 00:02:16]} {[%emt 00:00:04]} 44. Ra7 {[%clk 00:00:29]} {[%emt
00:00:02]} Rgg7 {[%clk 00:02:18]} {[%emt 00:00:01]} 45. Kg2 {[%clk 00:00:29]}
{[%emt 00:00:02]} Kg6 {[%clk 00:02:08]} {[%emt 00:00:12]} 46. Kf3 {[%clk
00:00:30]} Kf5 {[%clk 00:02:09]} {[%emt 00:00:01]} 47. g4+ {[%clk 00:00:26]}
{[%emt 00:00:06]} Ke6 {[%clk 00:02:10]} {[%emt 00:00:01]} 48. Rba5 {[%clk
00:00:22]} {[%emt 00:00:06]} d5 {[%clk 00:02:06]} {[%emt 00:00:06]} 49. Rxb7
{[%clk 00:00:17]} {[%emt 00:00:06]} Rxb7 {[%clk 00:02:07]} {[%emt 00:00:02]} 50.
Ra7 {[%clk 00:00:18]} e4+ {[%clk 00:02:08]} 51. Ke2 {[%emt 00:00:03]} Rb8
{[%clk 00:02:02]} {[%emt 00:00:07]} 52. Bd4 {[%clk 00:00:20]} {[%emt 00:00:01]}
Bd6 {[%clk 00:01:59]} {[%emt 00:00:05]} 53. Rh7 {[%clk 00:00:19]} {[%emt
00:00:03]} Bf4 {[%clk 00:01:55]} {[%emt 00:00:06]} 54. b7 {[%clk 00:00:19]}
{[%emt 00:00:02]} Rg8 {[%clk 00:01:45]} {[%emt 00:00:10]} 55. Ba7 {[%clk
00:00:20]} {[%emt 00:00:03]} Bb8 {[%clk 00:01:45]} {[%emt 00:00:02]} 56. Bb6
{[%clk 00:00:20]} {[%emt 00:00:02]} Rxg4 {[%clk 00:01:39]} {[%emt 00:00:08]} 57.
Rh8 {[%clk 00:00:20]} {[%emt 00:00:02]} Be5 {[%clk 00:01:38]} {[%emt 00:00:03]}
58. Re8+ {[%clk 00:00:20]} {[%emt 00:00:02]} Kd7 {[%clk 00:01:36]} {[%emt
00:00:04]} 59. Rxe5 {[%clk 00:00:21]} Rg8 {[%clk 00:01:37]} {[%emt 00:00:01]}
60. Rxd5+ {[%clk 00:00:22]} {[%emt 00:00:01]} Kc6 {[%clk 00:01:38]} 61. Rd8
{[%clk 00:00:22]} {[%emt 00:00:02]} Rxd8 {[%clk 00:01:37]} {[%emt 00:00:03]} 62.
Bxd8 {[%clk 00:00:23]} Kxb7 {[%clk 00:01:38]} {[%emt 00:00:01]} 63. Ke3 {[%clk
00:00:24]} 1-0

[Event "World Youth & Cadets Blitz Championships"]
[Site "Rhodes, Greece"]
[Date "2022.05.03"]
[Round "4.14"]
[White "Erdogmus, Yagiz Kaan"]
[Black "Begmuratov, Khumoyun"]
[Result "0-1"]
[TimeControl "5'/game & 2\"/move"]
[WhiteElo "1813"]
[BlackElo "1961"]

1. e4 {[%clk 00:05:02]} {[%emt 00:00:01]} e5 {[%clk 00:05:02]} {[%emt
00:00:02]} 2. Nf3 {[%clk 00:04:59]} {[%emt 00:00:06]} Nc6 {[%emt 00:00:05]} 3.
Bb5 {[%clk 00:04:59]} {[%emt 00:00:01]} a6 {[%clk 00:05:01]} {[%emt 00:00:02]}
4. Ba4 {[%clk 00:05:00]} Nf6 {[%emt 00:00:02]} 5. O-O {[%emt 00:00:04]} b5
{[%clk 00:04:58]} {[%emt 00:00:03]} 6. Bb3 {[%clk 00:04:59]} {[%emt 00:00:02]}
Bb7 {[%clk 00:04:59]} {[%emt 00:00:01]} 7. d3 {[%clk 00:04:46]} {[%emt
00:00:15]} Bc5 {[%clk 00:04:58]} {[%emt 00:00:04]} 8. c3 {[%clk 00:04:30]}
{[%emt 00:00:18]} O-O {[%clk 00:04:49]} {[%emt 00:00:11]} 9. d4 {[%clk
00:04:29]} {[%emt 00:00:02]} Bb6 {[%clk 00:03:57]} {[%emt 00:00:54]} 10. dxe5
{[%clk 00:03:54]} {[%emt 00:00:38]} Ng4 {[%clk 00:02:51]} {[%emt 00:01:07]} 11.
Bf4 {[%clk 00:03:37]} {[%emt 00:00:18]} Qe7 {[%clk 00:02:27]} {[%emt 00:00:28]}
12. Bd5 {[%clk 00:02:50]} {[%emt 00:00:48]} Rab8 {[%clk 00:00:34]} {[%emt
00:01:55]} 13. Bxc6 {[%clk 00:02:16]} {[%emt 00:00:36]} Bxc6 {[%clk 00:00:33]}
{[%emt 00:00:04]} 14. Nbd2 {[%clk 00:01:31]} {[%emt 00:00:47]} f6 {[%clk
00:00:29]} {[%emt 00:00:06]} 15. exf6 {[%clk 00:01:22]} {[%emt 00:00:11]} Nxf6
{[%clk 00:00:30]} 16. e5 {[%clk 00:00:44]} {[%emt 00:00:40]} Ne4 {[%emt
00:00:06]} 17. Bg3 {[%clk 00:00:26]} {[%emt 00:00:15]} h5 {[%clk 00:00:10]}
{[%emt 00:00:23]} 18. Nxe4 {[%clk 00:00:17]} {[%emt 00:00:11]} Bxe4 {[%clk
00:00:11]} 19. Nd2 {[%clk 00:00:08]} {[%emt 00:00:11]} Bd3 {[%clk 00:00:07]}
{[%emt 00:00:05]} 20. Qxh5 {[%clk 00:00:06]} {[%emt 00:00:05]} Bxf1 {[%clk
00:00:08]} {[%emt 00:00:01]} 21. Rxf1 {[%clk 00:00:06]} {[%emt 00:00:02]} Qe6
{[%clk 00:00:06]} {[%emt 00:00:04]} 22. Ne4 {[%clk 00:00:05]} {[%emt 00:00:03]}
Rf5 {[%clk 00:00:04]} {[%emt 00:00:04]} 23. Qh3 {[%clk 00:00:04]} {[%emt
00:00:03]} Rbf8 {[%clk 00:00:03]} {[%emt 00:00:03]} 24. Kh1 {[%clk 00:00:04]}
{[%emt 00:00:02]} Qg6 {[%clk 00:00:04]} 25. f4 {[%clk 00:00:04]} {[%emt
00:00:01]} Rxe5 {[%clk 00:00:04]} {[%emt 00:00:03]} 26. Nd2 {[%clk 00:00:04]}
{[%emt 00:00:02]} Qd3 {[%clk 00:00:04]} {[%emt 00:00:02]} 27. Ra1 {[%emt
00:00:03]} Re2 {[%clk 00:00:03]} {[%emt 00:00:02]} 28. Nf3 {[%clk 00:00:04]}
Rfe8 {[%clk 00:00:04]} {[%emt 00:00:02]} 29. Rf1 {[%emt 00:00:04]} R2e3 {[%clk
00:00:04]} {[%emt 00:00:02]} 30. Rg1 {[%clk 00:00:04]} Rxf3 {[%clk 00:00:04]}
{[%emt 00:00:01]} 31. gxf3 {[%clk 00:00:05]} {[%emt 00:00:01]} Qxf3+ {[%clk
00:00:05]} 32. Qg2 {[%clk 00:00:06]} Qd3 {[%clk 00:00:04]} {[%emt 00:00:03]} 33.
Rf1 {[%clk 00:00:06]} {[%emt 00:00:02]} Re2 {[%clk 00:00:04]} {[%emt 00:00:01]}
34. Qa8+ {[%clk 00:00:06]} {[%emt 00:00:03]} Kh7 {[%clk 00:00:05]} 35. Qf3
{[%clk 00:00:05]} {[%emt 00:00:03]} Qc2 {[%clk 00:00:04]} {[%emt 00:00:02]} 36.
Qh5+ {[%clk 00:00:06]} {[%emt 00:00:03]} Kg8 {[%clk 00:00:06]} 37. Qd5+ {[%clk
00:00:07]} Kf8 {[%clk 00:00:06]} {[%emt 00:00:01]} 38. Qa8+ {[%clk 00:00:06]}
{[%emt 00:00:04]} Ke7 {[%clk 00:00:05]} {[%emt 00:00:01]} 39. f5 {[%clk
00:00:05]} {[%emt 00:00:05]} c6 {[%clk 00:00:05]} {[%emt 00:00:03]} 40. f6+
{[%clk 00:00:05]} {[%emt 00:00:01]} gxf6 {[%clk 00:00:05]} {[%emt 00:00:01]} 41.
Bd6+ {[%emt 00:00:06]} Kxd6 {[%clk 00:00:04]} 42. Qe8 {[%clk 00:00:03]} {[%emt
00:00:04]} Kc7 {[%clk 00:00:04]} 0-1

[Event "World Youth & Cadets Blitz Championships"]
[Site "Rhodes, Greece"]
[Date "2022.05.03"]
[Round "4.15"]
[White "Dotzer, Lukas"]
[Black "Bogdanov, Artyom"]
[Result "1-0"]
[TimeControl "5'/game & 2\"/move"]
[WhiteElo "2026"]
[BlackElo "1413"]

1. e4 {[%clk 00:05:03]} c6 {[%clk 00:05:03]} {[%emt 00:00:01]} 2. d4 {[%clk
00:05:04]} {[%emt 00:00:02]} d5 {[%clk 00:05:05]} {[%emt 00:00:01]} 3. Nc3
{[%clk 00:05:05]} dxe4 {[%clk 00:05:05]} {[%emt 00:00:01]} 4. Nxe4 {[%clk
00:05:05]} {[%emt 00:00:01]} Bf5 {[%clk 00:05:06]} 5. Ng3 {[%clk 00:05:06]}
{[%emt 00:00:01]} Bg6 {[%clk 00:05:07]} {[%emt 00:00:01]} 6. Nf3 {[%clk
00:05:07]} {[%emt 00:00:01]} Nd7 {[%clk 00:05:08]} {[%emt 00:00:01]} 7. h4
{[%clk 00:05:08]} {[%emt 00:00:01]} h6 {[%clk 00:05:09]} 8. h5 {[%clk
00:05:09]} {[%emt 00:00:01]} Bh7 {[%clk 00:05:10]} 9. Bd3 {[%clk 00:05:10]}
{[%emt 00:00:01]} Bxd3 {[%clk 00:05:11]} {[%emt 00:00:02]} 10. Qxd3 {[%clk
00:05:11]} {[%emt 00:00:01]} e6 {[%clk 00:05:12]} {[%emt 00:00:01]} 11. Bf4
{[%clk 00:05:08]} {[%emt 00:00:04]} Qa5+ {[%clk 00:05:12]} {[%emt 00:00:02]} 12.
Bd2 {[%clk 00:05:09]} {[%emt 00:00:01]} Qc7 {[%clk 00:05:14]} 13. O-O-O {[%clk
00:05:08]} {[%emt 00:00:02]} Ngf6 {[%clk 00:05:15]} 14. Ne4 {[%clk 00:05:03]}
{[%emt 00:00:07]} O-O-O {[%clk 00:05:14]} {[%emt 00:00:03]} 15. Kb1 {[%clk
00:04:48]} {[%emt 00:00:17]} Nxe4 {[%clk 00:05:15]} {[%emt 00:00:01]} 16. Qxe4
{[%clk 00:04:48]} {[%emt 00:00:02]} Nf6 {[%clk 00:05:15]} 17. Qe2 {[%clk
00:04:42]} {[%emt 00:00:08]} Bd6 {[%clk 00:05:15]} {[%emt 00:00:02]} 18. Rh3
{[%clk 00:04:10]} {[%emt 00:00:34]} Bf4 {[%clk 00:05:14]} {[%emt 00:00:04]} 19.
Bxf4 {[%clk 00:04:00]} {[%emt 00:00:13]} Qxf4 {[%clk 00:05:13]} {[%emt
00:00:02]} 20. Rh4 {[%clk 00:03:55]} {[%emt 00:00:06]} Qc7 {[%clk 00:05:09]}
{[%emt 00:00:06]} 21. Ne5 {[%clk 00:03:38]} {[%emt 00:00:19]} Rd6 {[%clk
00:04:58]} {[%emt 00:00:14]} 22. Rd3 {[%clk 00:03:20]} {[%emt 00:00:20]} Rhd8
{[%clk 00:04:55]} {[%emt 00:00:04]} 23. Rf4 {[%clk 00:03:13]} {[%emt 00:00:10]}
Kb8 {[%clk 00:04:29]} {[%emt 00:00:28]} 24. a3 {[%clk 00:02:40]} {[%emt
00:00:35]} Rd5 {[%clk 00:04:16]} {[%emt 00:00:15]} 25. c4 {[%clk 00:02:26]}
{[%emt 00:00:16]} R5d6 {[%clk 00:04:14]} {[%emt 00:00:03]} 26. g4 {[%clk
00:01:44]} {[%emt 00:00:45]} c5 {[%clk 00:04:16]} {[%emt 00:00:01]} 27. dxc5
{[%clk 00:01:32]} {[%emt 00:00:14]} Qxc5 {[%clk 00:03:46]} {[%emt 00:00:31]} 28.
Rxd6 {[%clk 00:01:21]} {[%emt 00:00:13]} Qxd6 {[%clk 00:01:39]} {[%emt
00:02:09]} 29. Nxf7 {[%clk 00:01:15]} {[%emt 00:00:08]} Qxf4 {[%clk 00:01:39]}
{[%emt 00:00:03]} 30. Nxd8 {[%clk 00:01:14]} {[%emt 00:00:02]} Ne4 {[%clk
00:01:21]} {[%emt 00:00:19]} 31. f3 {[%clk 00:00:18]} {[%emt 00:00:59]} Nd2+
{[%clk 00:01:19]} {[%emt 00:00:05]} 32. Ka2 {[%clk 00:00:16]} {[%emt 00:00:03]}
Nxc4 {[%clk 00:00:21]} {[%emt 00:01:00]} 33. Nxe6 {[%clk 00:00:12]} {[%emt
00:00:05]} Qf7 {[%clk 00:00:12]} {[%emt 00:00:12]} 34. Qxc4 {[%clk 00:00:13]}
Qxf3 {[%clk 00:00:10]} {[%emt 00:00:05]} 35. Qf4+ {[%clk 00:00:12]} {[%emt
00:00:02]} Qxf4 {[%clk 00:00:10]} {[%emt 00:00:02]} 36. Nxf4 {[%clk 00:00:13]}
{[%emt 00:00:01]} Kc8 {[%clk 00:00:12]} 37. Ne6 {[%clk 00:00:13]} {[%emt
00:00:02]} 1-0

[Event "World Youth & Cadets Blitz Championships"]
[Site "Rhodes, Greece"]
[Date "2022.05.03"]
[Round "4.16"]
[White "Korelskiy, Egor"]
[Black "Shevchenko, Yaroslav"]
[Result "1-0"]
[TimeControl "5'/game & 2\"/move"]
[WhiteElo "1993"]
[BlackElo "1600"]

1. e4 {[%clk 00:05:02]} {[%emt 00:00:02]} c5 {[%clk 00:05:03]} {[%emt
00:00:02]} 2. Nf3 {[%clk 00:05:02]} {[%emt 00:00:01]} e6 {[%clk 00:05:03]}
{[%emt 00:00:02]} 3. Qe2 {[%clk 00:05:03]} {[%emt 00:00:02]} Nc6 {[%clk
00:05:01]} {[%emt 00:00:04]} 4. g3 {[%clk 00:05:03]} {[%emt 00:00:01]} g6
{[%clk 00:04:56]} {[%emt 00:00:08]} 5. Bg2 {[%clk 00:05:03]} {[%emt 00:00:02]}
Bg7 {[%clk 00:04:56]} {[%emt 00:00:01]} 6. O-O {[%clk 00:05:01]} {[%emt
00:00:03]} Nge7 {[%clk 00:04:57]} {[%emt 00:00:02]} 7. e5 {[%clk 00:05:02]}
{[%emt 00:00:02]} O-O {[%clk 00:04:47]} {[%emt 00:00:10]} 8. d3 {[%clk
00:04:59]} {[%emt 00:00:06]} d6 {[%clk 00:04:46]} {[%emt 00:00:03]} 9. exd6
{[%clk 00:05:00]} {[%emt 00:00:02]} Qxd6 {[%clk 00:04:46]} {[%emt 00:00:02]} 10.
Na3 {[%clk 00:05:00]} {[%emt 00:00:01]} Nd4 {[%clk 00:04:15]} {[%emt 00:00:33]}
11. Nxd4 {[%clk 00:04:58]} {[%emt 00:00:04]} cxd4 {[%clk 00:04:15]} {[%emt
00:00:02]} 12. Nc4 {[%clk 00:04:49]} {[%emt 00:00:11]} Qc5 {[%clk 00:03:44]}
{[%emt 00:00:34]} 13. Bf4 {[%clk 00:04:45]} {[%emt 00:00:05]} Rd8 {[%clk
00:03:14]} {[%emt 00:00:32]} 14. a3 {[%clk 00:04:37]} {[%emt 00:00:11]} Nc6
{[%clk 00:02:37]} {[%emt 00:00:38]} 15. b4 {[%clk 00:04:24]} {[%emt 00:00:15]}
Qe7 {[%clk 00:02:36]} {[%emt 00:00:03]} 16. b5 {[%clk 00:04:17]} {[%emt
00:00:09]} Nb8 {[%clk 00:02:22]} {[%emt 00:00:16]} 17. a4 {[%clk 00:04:17]}
{[%emt 00:00:03]} f6 {[%clk 00:02:13]} {[%emt 00:00:10]} 18. Bc1 {[%clk
00:03:57]} {[%emt 00:00:23]} Nd7 {[%clk 00:01:42]} {[%emt 00:00:32]} 19. Ba3
{[%clk 00:03:55]} {[%emt 00:00:04]} Nc5 {[%clk 00:01:41]} {[%emt 00:00:03]} 20.
Qd2 {[%clk 00:03:44]} {[%emt 00:00:13]} Rb8 {[%clk 00:01:33]} {[%emt 00:00:10]}
21. Qa5 {[%clk 00:03:02]} {[%emt 00:00:44]} b6 {[%clk 00:01:01]} {[%emt
00:00:35]} 22. Bxc5 {[%clk 00:03:00]} {[%emt 00:00:03]} bxc5 {[%clk 00:01:01]}
{[%emt 00:00:02]} 23. Rfe1 {[%clk 00:02:54]} {[%emt 00:00:08]} e5 {[%clk
00:00:25]} {[%emt 00:00:39]} 24. b6 {[%clk 00:02:14]} {[%emt 00:00:41]} axb6
{[%clk 00:00:21]} {[%emt 00:00:06]} 25. Nxb6 {[%clk 00:02:14]} {[%emt
00:00:03]} Be6 {[%clk 00:00:19]} {[%emt 00:00:03]} 26. Rab1 {[%clk 00:02:06]}
{[%emt 00:00:10]} Qc7 {[%clk 00:00:18]} {[%emt 00:00:03]} 27. Nc4 {[%clk
00:02:00]} {[%emt 00:00:08]} Qxa5 {[%clk 00:00:17]} {[%emt 00:00:03]} 28. Nxa5
{[%clk 00:02:01]} {[%emt 00:00:02]} Bd7 {[%clk 00:00:08]} {[%emt 00:00:10]} 29.
Nb7 {[%clk 00:01:54]} {[%emt 00:00:09]} Rdc8 {[%clk 00:00:07]} {[%emt
00:00:03]} 30. a5 {[%clk 00:01:54]} {[%emt 00:00:03]} Bc6 {[%clk 00:00:05]}
{[%emt 00:00:03]} 31. Rb6 {[%clk 00:01:11]} {[%emt 00:00:45]} Bxg2 {[%clk
00:00:06]} {[%emt 00:00:02]} 32. Kxg2 {[%clk 00:01:11]} {[%emt 00:00:02]} Rc7
{[%clk 00:00:05]} {[%emt 00:00:03]} 33. Nd6 {[%clk 00:01:03]} {[%emt 00:00:09]}
Ra8 {[%clk 00:00:04]} {[%emt 00:00:03]} 34. a6 {[%clk 00:01:02]} {[%emt
00:00:04]} Bf8 {[%clk 00:00:05]} {[%emt 00:00:01]} 35. Nb5 {[%clk 00:01:00]}
{[%emt 00:00:03]} Rd7 {[%clk 00:00:03]} {[%emt 00:00:04]} 36. Ra1 {[%clk
00:00:58]} {[%emt 00:00:04]} Be7 {[%clk 00:00:04]} {[%emt 00:00:02]} 37. a7
{[%clk 00:00:59]} {[%emt 00:00:01]} Bd8 {[%clk 00:00:05]} {[%emt 00:00:01]} 38.
Rb8 {[%clk 00:00:59]} {[%emt 00:00:02]} 1-0

[Event "World Youth & Cadets Blitz Championships"]
[Site "Rhodes, Greece"]
[Date "2022.05.03"]
[Round "4.17"]
[White "Niezhentsev, Kyrylo"]
[Black "Yu, Rock"]
[Result "1-0"]
[TimeControl "5'/game & 2\"/move"]
[WhiteElo "2060"]
[BlackElo "1488"]

1. c4 {[%clk 00:05:02]} {[%emt 00:00:02]} e5 {[%clk 00:05:03]} {[%emt
00:00:02]} 2. g3 {[%clk 00:05:03]} {[%emt 00:00:01]} Nc6 {[%clk 00:05:04]}
{[%emt 00:00:01]} 3. Bg2 {[%clk 00:05:04]} {[%emt 00:00:02]} f5 {[%clk
00:05:04]} {[%emt 00:00:01]} 4. Nc3 {[%clk 00:04:50]} {[%emt 00:00:16]} Nf6
{[%emt 00:00:04]} 5. Nf3 {[%clk 00:04:44]} {[%emt 00:00:06]} d6 {[%clk
00:05:05]} {[%emt 00:00:01]} 6. d3 {[%clk 00:04:27]} {[%emt 00:00:20]} Be7
{[%clk 00:05:05]} {[%emt 00:00:01]} 7. O-O {[%clk 00:04:28]} {[%emt 00:00:02]}
O-O {[%clk 00:05:03]} {[%emt 00:00:03]} 8. b3 {[%clk 00:03:44]} {[%emt
00:00:46]} Be6 {[%clk 00:05:03]} {[%emt 00:00:01]} 9. Bb2 {[%clk 00:03:45]} h6
{[%clk 00:05:03]} {[%emt 00:00:02]} 10. e3 {[%clk 00:03:33]} {[%emt 00:00:15]}
Nd7 {[%clk 00:04:45]} {[%emt 00:00:20]} 11. d4 {[%clk 00:03:32]} {[%emt
00:00:03]} e4 {[%clk 00:04:12]} {[%emt 00:00:35]} 12. Nd2 {[%clk 00:03:25]}
{[%emt 00:00:08]} Bf7 {[%clk 00:04:11]} {[%emt 00:00:03]} 13. f3 {[%clk
00:03:23]} {[%emt 00:00:05]} Bg5 {[%clk 00:03:52]} {[%emt 00:00:22]} 14. Re1
{[%clk 00:03:09]} {[%emt 00:00:15]} Nb4 {[%clk 00:03:33]} {[%emt 00:00:21]} 15.
Ba3 {[%clk 00:02:15]} {[%emt 00:00:56]} Nd3 {[%clk 00:03:11]} {[%emt 00:00:24]}
16. Re2 {[%clk 00:02:16]} {[%emt 00:00:01]} Bh5 {[%clk 00:02:57]} {[%emt
00:00:15]} 17. h3 {[%clk 00:01:17]} {[%emt 00:01:02]} c5 {[%clk 00:02:09]}
{[%emt 00:00:49]} 18. g4 {[%clk 00:00:59]} {[%emt 00:00:20]} cxd4 {[%clk
00:02:01]} {[%emt 00:00:10]} 19. exd4 {[%clk 00:00:57]} {[%emt 00:00:04]} Bg6
{[%clk 00:01:42]} {[%emt 00:00:21]} 20. gxf5 {[%clk 00:00:54]} {[%emt
00:00:06]} Bxf5 {[%clk 00:01:39]} {[%emt 00:00:05]} 21. fxe4 {[%clk 00:00:50]}
{[%emt 00:00:06]} Bg6 {[%clk 00:01:29]} {[%emt 00:00:11]} 22. Bxd6 {[%clk
00:00:38]} {[%emt 00:00:14]} Rf6 {[%clk 00:01:17]} {[%emt 00:00:15]} 23. e5
{[%clk 00:00:37]} {[%emt 00:00:03]} Rxd6 {[%clk 00:01:13]} {[%emt 00:00:06]} 24.
exd6 {[%clk 00:00:36]} {[%emt 00:00:03]} Bh5 {[%clk 00:01:07]} {[%emt
00:00:07]} 25. Bf3 {[%clk 00:00:25]} {[%emt 00:00:13]} Nf4 {[%clk 00:00:32]}
{[%emt 00:00:37]} 26. Bxh5 {[%clk 00:00:13]} {[%emt 00:00:14]} Nxh5 {[%clk
00:00:32]} {[%emt 00:00:02]} 27. Nf3 {[%clk 00:00:09]} {[%emt 00:00:06]} Nf4
{[%clk 00:00:24]} {[%emt 00:00:10]} 28. Re4 {[%clk 00:00:09]} {[%emt 00:00:03]}
Nxh3+ {[%clk 00:00:19]} {[%emt 00:00:07]} 29. Kf1 {[%clk 00:00:10]} {[%emt
00:00:01]} Nf6 {[%clk 00:00:14]} {[%emt 00:00:07]} 30. Re6 {[%clk 00:00:08]}
{[%emt 00:00:04]} Ng4 {[%clk 00:00:08]} {[%emt 00:00:08]} 31. Qd3 {[%clk
00:00:08]} {[%emt 00:00:01]} Nf4 {[%clk 00:00:06]} {[%emt 00:00:05]} 32. Qf5
{[%clk 00:00:08]} {[%emt 00:00:02]} Nxe6 {[%clk 00:00:07]} {[%emt 00:00:01]} 33.
Qxe6+ {[%clk 00:00:09]} {[%emt 00:00:01]} Kh7 {[%clk 00:00:08]} 34. Qxg4 {[%clk
00:00:09]} {[%emt 00:00:02]} Bf6 {[%clk 00:00:09]} {[%emt 00:00:01]} 35. Qf5+
{[%clk 00:00:09]} {[%emt 00:00:02]} Kh8 {[%clk 00:00:10]} 36. Ne4 {[%clk
00:00:10]} {[%emt 00:00:01]} Bh4 {[%clk 00:00:06]} {[%emt 00:00:06]} 37. Ke2
{[%clk 00:00:06]} {[%emt 00:00:06]} 1-0